000 005870000a22001810004500
003 MACL
005 20160401135434.0
008 160401b xxu||||| |||| 00| 0 eng d
040 _aMACL
_cMACL
041 _aHindi
082 _a398
100 _aडॉ शैलेश श्रीवास्‍तव
_949634
245 _aभोजपुरी संस्‍कार गीत और प्रसार माध्‍यम
260 _aइलाहाबाद
_bराधाकृष्‍ण
_c2009
350 _a350
650 _aFolklore
_949635
942 _cHIN
_k398
_2ddc
999 _c47472
_d47472